[Event "European Blitz 2016"]
[Site "Tallinn EST"]
[Date "2016.12.17"]
[Round "16.12"]
[White "Pavlidis, Antonios"]
[Black "Brodowski, Piotr"]
[Result "1-0"]
[WhiteTitle "GM"]
[BlackTitle "IM"]
[WhiteElo "2532"]
[BlackElo "2444"]
[WhiteFideId "4212312"]
[BlackFideId "1124480"]
[EventDate "2016.12.17"]

1. e4 g6 2. d4 Bg7 3. Nc3 a6 4. f4 b5 5. Nf3 Bb7 6. Bd3 d6 7. e5 Nd7 8. O-O b4
9. Ne2 e6 10. Bd2 Rb8 11. a3 b3 12. cxb3 c5 13. exd6 Ngf6 14. Rc1 cxd4 15. Nexd4
Qb6 16. Kh1 O-O 17. Qe1 Nd5 18. Qf2 Qxd6 19. Ng5 N7f6 20. Ne4 Nxe4 21. Bxe4 Rfd8
22. Ba5 Rd7 23. Rfd1 Bh6 24. Ne2 Qe7 25. Qf3 Bg7 26. Nc3 Nxc3 27. Bxc3 Bxc3 28.
bxc3 Rxd1+ 29. Rxd1 Bxe4 30. Qxe4 Rxb3 31. Qa8+ Kg7 32. Qxa6 Qxa3 33. Qxa3 Rxa3
34. Rc1 Kf6 35. g3 Ke7 36. Kg2 Kd6 37. Kf3 Kc5 38. Ke4 Ra2 39. h4 Re2+ 40. Kf3
Rd2 41. Ra1 Rd3+ 42. Kf2 Rxc3 43. Ra7 f5 44. Rxh7 Kd5 45. Re7 Ra3 46. Kg2 Ra8
47. Rg7 Ra2+ 48. Kh3 Ke4 49. Rxg6 Kf3 50. h5 Ra1 51. Kh4 Rh1+ 52. Kg5 Kxg3 53.
Rxe6 Kf3 54. h6 1-0

[Event "European Blitz 2016"]
[Site "Tallinn EST"]
[Date "2016.12.17"]
[Round "16.13"]
[White "Andriasian, Zaven"]
[Black "Chigaev, Maksim"]
[Result "1-0"]
[WhiteTitle "GM"]
[BlackTitle "GM"]
[WhiteElo "2621"]
[BlackElo "2531"]
[WhiteFideId "13302000"]
[BlackFideId "4108116"]
[EventDate "2016.12.17"]

1. e4 g6 2. d4 Bg7 3. Nc3 a6 4. f4 d6 5. Nf3 b5 6. Bd3 Nd7 7. e5 c5 8. Be3 Nh6
9. Be4 Rb8 10. dxc5 dxc5 11. h3 O-O 12. O-O b4 13. Ne2 Qc7 14. Qe1 Nb6 15. b3 f5
16. Bd3 c4 17. bxc4 Nxc4 18. Bd4 Nf7 19. Rb1 a5 20. Kh2 Be6 21. Bf2 Bd5 22. Ned4
e6 23. Qe2 Rfc8 24. g4 fxg4 25. hxg4 Rf8 26. Bg3 Nh6 27. Ng5 Qe7 28. Bxc4 Nxg4+
29. Qxg4 Bxc4 30. Nc6 Qe8 31. Nxb8 Qxb8 32. Rbd1 h6 33. Ne4 Qc7 34. Qxg6 Bxf1
35. Nf6+ 1-0

[Event "European Blitz 2016"]
[Site "Tallinn EST"]
[Date "2016.12.17"]
[Round "16.14"]
[White "Neiksans, Arturs"]
[Black "Matlakov, Maxim"]
[Result "0-1"]
[WhiteTitle "GM"]
[BlackTitle "GM"]
[WhiteElo "2631"]
[BlackElo "2694"]
[WhiteFideId "11601388"]
[BlackFideId "4168003"]
[EventDate "2016.12.17"]

1. e4 c5 2. Nf3 e6 3. d4 cxd4 4. Nxd4 Nc6 5. Nc3 Qc7 6. Be3 a6 7. Qf3 Nf6 8.
O-O-O Nxd4 9. Bxd4 e5 10. Be3 d6 11. h3 Be6 12. g4 Rc8 13. g5 Nd7 14. a3 b5 15.
h4 Be7 16. Bh3 a5 17. Bxe6 fxe6 18. Qe2 b4 19. Nb5 Qb8 20. a4 Nc5 21. Bxc5 Rxc5
22. Qh5+ g6 23. Qg4 Kd7 24. Rd2 Rf8 25. Rhd1 Rf4 26. Qe2 Rc6 27. h5 Rh4 28. Kb1
gxh5 29. Qf3 Qf8 30. Qe3 Qb8 31. Qf3 Qf8 32. Qd3 Rf4 33. Qe3 Qb8 34. Qg3 h4 35.
Qh3 Rxe4 36. Qf3 Rf4 37. Qh5 Qg8 38. Rd3 Qg6 39. Qe2 Qe4 40. Qd2 Rf3 41. Rxf3
Qxf3 42. Na7 Rc5 43. Qe1 b3 44. c3 Rd5 45. Rc1 Bxg5 46. c4 Rd2 47. c5 Qd3+ 48.
Ka1 Qd4 49. c6+ Ke8 50. Qxd2 Qxd2 0-1

[Event "European Blitz 2016"]
[Site "Tallinn EST"]
[Date "2016.12.17"]
[Round "16.15"]
[White "Wojtaszek, Radoslaw"]
[Black "Zelbel, Patrick"]
[Result "1-0"]
[WhiteTitle "GM"]
[BlackTitle "IM"]
[WhiteElo "2749"]
[BlackElo "2448"]
[WhiteFideId "1118358"]
[BlackFideId "24624322"]
[EventDate "2016.12.17"]

1. Nf3 c5 2. c4 Nc6 3. d4 cxd4 4. Nxd4 g6 5. e4 Bg7 6. Be3 d6 7. Nc3 Nf6 8. Be2
O-O 9. O-O Bd7 10. Qd2 Nxd4 11. Bxd4 Bc6 12. f3 Nd7 13. Be3 a5 14. b3 Nc5 15.
Rab1 Qb6 16. Rfc1 Rfc8 17. Rc2 Qd8 18. Bf1 Qf8 19. Ne2 Nxe4 20. fxe4 Bxe4 21.
Nc3 Bxc2 22. Qxc2 a4 23. Nd5 axb3 24. Rxb3 Ra5 25. Qd2 Rca8 26. Rxb7 e6 27. Ne7+
Kh8 28. Qxd6 Rd8 29. Qb6 Rh5 30. Nc6 Rc8 31. c5 Qe8 32. Rb8 Rxb8 33. Qxb8 Qxb8
34. Nxb8 Be5 35. Nd7 Bxh2+ 36. Kf2 Rf5+ 37. Ke2 Bc7 38. g4 Rd5 39. c6 Ra5 40.
Bb6 Rxa2+ 41. Ke3 Bg3 42. Bd3 h5 43. gxh5 gxh5 44. c7 Bxc7 45. Bxc7 Kg7 46. Be5+
Kh6 47. Nf6 h4 48. Bf4+ Kg7 49. Nh5+ Kf8 50. Bh6+ Ke8 51. Bb5+ Kd8 52. Bg5+ Kc8
53. Be2 h3 54. Bf4 Ra5 55. Kf2 e5 56. Bg5 h2 57. Ng3 Ra1 58. Kg2 Kd7 59. Kxh2
Ke6 60. Bg4+ Kd5 61. Bf5 Re1 62. Kg2 Ra1 63. Be3 Ra3 64. Kf3 Ra1 65. Be4+ Ke6
66. Bf5+ Kd5 67. Bh7 Ra6 68. Ne4 Ra1 69. Bg8 Kc6 70. Bxf7 Rf1+ 71. Nf2 Ra1 72.
Ke4 Kd6 73. Ng4 Ra4+ 74. Kf5 e4 75. Bb3 Ra3 76. Bc2 Ra5+ 77. Kf4 Ra4 78. Nf6 Ra8
79. Nxe4+ Ke7 80. Bc5+ Kf7 81. Bb3+ Kg7 82. Kg5 Ra5 83. Bd5 Kh7 84. Be6 Kg7 85.
Bf5 Kf7 86. Nd6+ Kg7 87. Bb4 Ra2 88. Ne8+ Kh8 89. Bc3+ Kg8 90. Be6+ Kh7 91. Nf6+ 1-0

[Event "European Blitz 2016"]
[Site "Tallinn EST"]
[Date "2016.12.17"]
[Round "16.16"]
[White "Meskovs, Nikita"]
[Black "Saric, Ivan"]
[Result "0-1"]
[WhiteTitle "IM"]
[BlackTitle "GM"]
[WhiteElo "2489"]
[BlackElo "2652"]
[WhiteFideId "11602740"]
[BlackFideId "14508150"]
[EventDate "2016.12.17"]

1. d4 Nf6 2. c4 g6 3. Nc3 Bg7 4. e4 d6 5. Nf3 O-O 6. h3 e5 7. d5 a5 8. Be3 Na6
9. g4 Nd7 10. a3 Nb6 11. Nd2 Bd7 12. b3 Nc5 13. h4 f5 14. gxf5 gxf5 15. exf5
Bxf5 16. Bxc5 dxc5 17. Nde4 a4 18. b4 cxb4 19. axb4 Kh8 20. Bd3 a3 21. h5 Bh6
22. Nc5 Qf6 23. N3e4 Bxe4 24. Nxe4 Qf4 25. Ra2 Nxc4 26. Rg1 Nb2 27. Qc2 Qc1+ 0-1

[Event "European Blitz 2016"]
[Site "Tallinn EST"]
[Date "2016.12.17"]
[Round "16.17"]
[White "Martinovic, Sasa"]
[Black "Dzhumagaliev, Yan"]
[Result "1-0"]
[WhiteTitle "GM"]
[BlackTitle "FM"]
[WhiteElo "2550"]
[BlackElo "2400"]
[WhiteFideId "14509792"]
[BlackFideId "24100110"]
[EventDate "2016.12.17"]

1. d4 Nf6 2. Bg5 Ne4 3. Bf4 e6 4. Nd2 Nxd2 5. Qxd2 d5 6. e3 c5 7. Nf3 Nc6 8. c3
Be7 9. Bd3 O-O 10. O-O Bd6 11. dxc5 Bxc5 12. Qc2 h6 13. e4 Re8 14. Rad1 Qf6 15.
Bg3 Bb6 16. Rfe1 Bd7 17. Bh4 g5 18. Bg3 Rad8 19. e5 Qg7 20. h4 g4 21. Nh2 Rc8
22. Qe2 h5 23. Nf1 a6 24. Bf4 Bd8 25. g3 Na5 26. Ne3 b5 27. Bb1 Nc4 28. Ng2 Bc7
29. b3 Nb6 30. Bg5 Bd8 31. Bxd8 Rexd8 32. Nf4 Qh6 33. Rd3 Bc6 34. Qe3 Nd7 35.
Rd2 Kg7 36. Qd4 Ba8 37. a4 Nc5 38. Rb2 Bb7 39. axb5 axb5 40. Bd3 Nxd3 41. Qxd3
d4 42. cxd4 b4 43. Ra2 Rc3 44. Qb5 Bf3 45. Ra7 Rxb3 46. Qb6 Re8 47. Qc7 Rf8 48.
Qe7 Kg8 49. d5 Bxd5 50. Nxd5 exd5 51. Rd7 Rf3 52. Rd6 Qg7 53. e6 fxe6 54. Qxe6+
Qf7 55. Qh6 Rf6 56. Qg5+ Qg7 57. Qxd5+ R6f7 58. Rb6 Qc3 59. Rf1 Qg7 60. Rxb4 Kh7
61. Qxh5+ Qh6 62. Qxg4 Rg7 63. Qe4+ Kh8 64. Rb7 Rxb7 65. Qxb7 Qg6 66. Qd5 Rf5
67. Qd8+ Kh7 68. Re1 Rf7 69. Qe8 Qf6 70. Qe4+ Kg8 71. Qg4+ Kh7 72. Qe4+ Kg8 73.
Qe3 Kh7 74. Re2 Qa1+ 75. Kg2 Qf6 76. Qe4+ Kg8 77. Qe8+ Kh7 78. Qe5 Qf3+ 79. Kg1
Kg8 80. Qe8+ Kg7 81. Qe5+ Kg8 82. Qe4 Qf6 83. Rc2 Kg7 84. Kg2 Re7 85. Qg4+ Kh7
86. Qh5+ Kg7 87. Qg5+ Qxg5 88. hxg5 Kg6 89. f4 Kf5 90. Kf3 Ra7 91. Rc5+ Kg6 92.
Rc6+ Kg7 93. Kg4 Ra3 94. Rc7+ 1-0

[Event "European Blitz 2016"]
[Site "Tallinn EST"]
[Date "2016.12.17"]
[Round "16.18"]
[White "Halkias, Stelios"]
[Black "Bortnyk, Olexandr"]
[Result "0-1"]
[WhiteTitle "GM"]
[BlackTitle "GM"]
[WhiteElo "2585"]
[BlackElo "2581"]
[WhiteFideId "4201809"]
[BlackFideId "14120828"]
[EventDate "2016.12.17"]

1. Nf3 Nf6 2. d4 b6 3. e3 Bb7 4. Bd3 g6 5. O-O Bg7 6. c4 O-O 7. Nc3 d6 8. e4
Nbd7 9. h3 e5 10. Be3 exd4 11. Bxd4 Re8 12. Re1 Nc5 13. Bc2 a5 14. Qd2 Nfxe4 15.
Bxe4 Bxe4 16. Bxg7 Kxg7 17. Nxe4 Rxe4 18. Rxe4 Nxe4 19. Qd4+ Nf6 20. Re1 Kg8 21.
Ng5 h6 22. Nf3 Nd7 23. Qd5 Nf6 24. Qc6 Rc8 25. Nd4 Qd7 26. Qxd7 Nxd7 27. Nc6 Kf8
28. Nd4 Ne5 29. b3 a4 30. Nb5 axb3 31. axb3 Nd3 32. Re3 Nc5 33. Kf1 Ne6 34. g3
Ke7 35. Nd4 Kd7 36. Nb5 Ra8 37. g4 Ra2 38. Rf3 Ng5 39. Re3 f5 40. gxf5 gxf5 41.
Nc3 Ra1+ 42. Kg2 f4 43. Rd3 f3+ 44. Kg3 Rg1+ 45. Kf4 Rh1 46. Kg4 Rxh3 47. Nd5
Rh2 48. Re3 Rxf2 49. Re7+ Kd8 50. Rxc7 Rg2+ 51. Kh4 f2 0-1

[Event "European Blitz 2016"]
[Site "Tallinn EST"]
[Date "2016.12.17"]
[Round "16.19"]
[White "Onischuk, Vladimir"]
[Black "Marin, Mihail"]
[Result "1/2-1/2"]
[WhiteTitle "GM"]
[BlackTitle "GM"]
[WhiteElo "2601"]
[BlackElo "2539"]
[WhiteFideId "14114038"]
[BlackFideId "1200020"]
[EventDate "2016.12.17"]

1. e4 e5 2. Nf3 Nc6 3. Bc4 Bc5 4. d3 Nf6 5. O-O O-O 6. Nbd2 a6 7. Bb3 d6 8. c3
Ba7 9. h3 Be6 10. Bc2 d5 11. exd5 Nxd5 12. Ne4 f6 13. Re1 Qd7 14. Ng3 Rad8 15.
Re4 Bf7 16. Rg4 Nce7 17. a3 Ng6 18. Nh5 Be6 19. Rg3 Ndf4 20. Bxf4 exf4 21. Rxg6
hxg6 22. Nxf4 Bf5 23. d4 g5 24. Bxf5 Qxf5 25. Qb3+ Rf7 26. Ne6 Qd5 27. Qxd5 Rxd5
28. b4 Re7 29. c4 Rd6 30. Nc5 Bxc5 31. bxc5 Rc6 32. Nd2 Re2 33. Nb3 b6 34. d5
Rxc5 35. Nxc5 bxc5 36. Rb1 Rc2 37. Rb8+ Kh7 38. Rb7 Rxc4 39. Rxc7 Rc1+ 40. Kh2
c4 41. Rc6 Rd1 42. d6 c3 43. a4 a5 44. Rxc3 Rxd6 45. Rc5 Ra6 46. Kg3 Kg6 47. Kg4
Rd6 48. Rxa5 Rd3 49. f3 Rd2 50. Kg3 Ra2 51. f4 gxf4+ 52. Kf3 Kh6 53. h4 g5 54.
Ra6 Kg6 55. hxg5 Kxg5 56. Ra5+ f5 57. Ra8 Ra3+ 58. Kf2 Ra2+ 59. Kf3 1/2-1/2

[Event "European Blitz 2016"]
[Site "Tallinn EST"]
[Date "2016.12.17"]
[Round "16.20"]
[White "Castellanos Rodriguez, Renier"]
[Black "Alekseev, Evgeny"]
[Result "0-1"]
[WhiteTitle "IM"]
[BlackTitle "GM"]
[WhiteElo "2491"]
[BlackElo "2632"]
[WhiteFideId "3404650"]
[BlackFideId "4138147"]
[EventDate "2016.12.17"]

1. e4 c5 2. Nf3 e6 3. d4 cxd4 4. Nxd4 Nc6 5. Nb5 d6 6. c4 Nf6 7. N5c3 Be7 8. Be2
O-O 9. O-O b6 10. Bf4 Bb7 11. Re1 Ne5 12. Nd2 a6 13. Rc1 Rc8 14. a3 Qc7 15. b4
Rfd8 16. Bf1 h6 17. Qe2 Qb8 18. h3 Re8 19. Qe3 Bd8 20. Bg3 Bc7 21. Kh1 Ng6 22.
Nb3 Ne5 23. Bxe5 dxe5 24. c5 b5 25. Red1 Bc6 26. Rc2 Rcd8 27. Rcd2 Rxd2 28. Rxd2
Qb7 29. f3 Nh5 30. Kg1 f5 31. Bd3 Rf8 32. Bb1 Kh8 33. Nc1 Nf4 34. N1e2 Ng6 35.
Ba2 Nf4 36. exf5 Nxe2+ 37. Qxe2 exf5 38. Bd5 Bb8 39. Bxc6 Qxc6 40. Qd3 Qg6 41.
Qd7 e4 42. Qe7 Rg8 43. fxe4 Qg3 44. Nd5 Qe1# 0-1

[Event "European Blitz 2016"]
[Site "Tallinn EST"]
[Date "2016.12.17"]
[Round "16.21"]
[White "Ponkratov, Pavel"]
[Black "Sarana, Alexey"]
[Result "1/2-1/2"]
[WhiteTitle "GM"]
[BlackTitle "IM"]
[WhiteElo "2607"]
[BlackElo "2457"]
[WhiteFideId "4157800"]
[BlackFideId "24133795"]
[EventDate "2016.12.17"]

1. d4 Nf6 2. Bg5 d5 3. Nf3 c5 4. e3 Nc6 5. Nbd2 Ne4 6. Bh4 Qb6 7. c4 Qxb2 8.
cxd5 Nb4 9. Bb5+ Bd7 10. Bxd7+ Kxd7 11. O-O Nc3 12. Qb3 Qxb3 13. Nxb3 cxd4 14.
Nfxd4 b6 15. f3 Nbxd5 16. e4 Nf4 17. Be1 Nce2+ 18. Nxe2 Nxe2+ 19. Kf2 Nf4 20.
Rd1+ Ke8 21. g3 Ng6 22. f4 e6 23. Bc3 Rc8 24. Rd3 f6 25. h4 Ba3 26. h5 Ne7 27.
h6 Kf7 28. hxg7 Kxg7 29. Kf3 Rhd8 30. Rfd1 Rxc3 31. Rxc3 Rxd1 32. Rc7 Rd3+ 33.
Kg4 Kg6 34. Rxa7 f5+ 35. Kh3 Bb4 36. Rb7 fxe4 37. Rxb6 Bd6 38. Nc1 Rd2 39. a4
Nf5 40. a5 Rd5 41. a6 Ra5 42. Nb3 Ra3 43. Nd4 Rxg3+ 44. Kh2 Bxf4 45. Nxe6 Be5
46. Nd4+ Kg5 47. Ne6+ Kg4 48. Rb5 Ra3+ 49. Rxe5 Ra2+ 50. Kg1 Ng3 51. Rb5 e3 52.
Rb4+ Kf3 53. Nd4+ Kg4 54. Ne2+ Kf3 55. Nd4+ Kg4 56. Ne2+ Kf3 57. Nd4+ Kg4 1/2-1/2

[Event "European Blitz 2016"]
[Site "Tallinn EST"]
[Date "2016.12.17"]
[Round "16.22"]
[White "Sychev, Klementy"]
[Black "Jankovic, Alojzije"]
[Result "1-0"]
[WhiteTitle "IM"]
[BlackTitle "GM"]
[WhiteElo "2453"]
[BlackElo "2591"]
[WhiteFideId "4114060"]
[BlackFideId "14505959"]
[EventDate "2016.12.17"]

1. d4 Nf6 2. c4 d6 3. Nf3 g6 4. Nc3 Bf5 5. g3 Bg7 6. Bg2 Ne4 7. Nd5 c6 8. Ne3
Qa5+ 9. Kf1 Bc8 10. h4 h5 11. Qc2 Nf6 12. Bd2 Qd8 13. Kg1 O-O 14. Kh2 Ng4+ 15.
Nxg4 hxg4 16. Ng5 Bxd4 17. h5 Bxf2 18. hxg6 f5 19. Raf1 Bd4 20. Nf7 Rxf7 21.
gxf7+ Kxf7 22. Rxf5+ Bxf5 23. Qxf5+ Bf6 24. Qh5+ Ke6 25. Qxg4+ Kf7 26. Qh5+ Kg8
27. Qg6+ Bg7 28. Qe6+ Kf8 29. Rf1+ Bf6 30. Rxf6+ exf6 31. Bh6# 1-0

[Event "European Blitz 2016"]
[Site "Tallinn EST"]
[Date "2016.12.17"]
[Round "16.23"]
[White "Malakhov, Igor"]
[Black "Grandelius, Nils"]
[Result "1-0"]
[WhiteTitle "IM"]
[BlackTitle "GM"]
[WhiteElo "2454"]
[BlackElo "2643"]
[WhiteFideId "4183088"]
[BlackFideId "1710400"]
[EventDate "2016.12.17"]

1. e4 c5 2. Nf3 d6 3. d4 cxd4 4. Nxd4 Nf6 5. Nc3 g6 6. Be3 a6 7. Be2 Bg7 8. O-O
O-O 9. f4 Nbd7 10. Qe1 e5 11. fxe5 Nxe5 12. Rd1 Bd7 13. Kh1 Rc8 14. Qh4 Nfg4 15.
Bg5 f6 16. Bc1 h5 17. Qg3 Kh7 18. h3 Nh6 19. Nd5 Qe8 20. c3 Nc6 21. Nb6 Rd8 22.
Nxd7 Qxd7 23. Nxc6 Qxc6 24. Rd5 Rde8 25. Rxd6 Qxe4 26. Bd3 h4 27. Bxe4 hxg3 28.
Bxb7 Nf5 29. Rd7 a5 30. c4 Re5 31. Bf4 Re2 32. c5 Rfe8 33. c6 Re1 34. Rd1 R1e7
35. c7 g5 36. c8=Q Rxc8 37. Bxc8 gxf4 38. Bxf5+ 1-0

[Event "European Blitz 2016"]
[Site "Tallinn EST"]
[Date "2016.12.17"]
[Round "16.24"]
[White "Motylev, Alexander"]
[Black "Ahvenjarvi, Jani"]
[Result "1-0"]
[WhiteTitle "GM"]
[BlackTitle "FM"]
[WhiteElo "2663"]
[BlackElo "2317"]
[WhiteFideId "4121830"]
[BlackFideId "507571"]
[EventDate "2016.12.17"]

1. e4 e5 2. Nf3 Nc6 3. Bb5 a6 4. Ba4 Nf6 5. O-O Be7 6. d3 b5 7. Bb3 d6 8. a3 O-O
9. Nc3 Bg4 10. Be3 Nd4 11. Bxd4 exd4 12. Nd5 c6 13. h3 Bxf3 14. Nxe7+ Qxe7 15.
Qxf3 Nd7 16. Qg3 Nc5 17. Ba2 Na4 18. Rab1 Kh8 19. f4 f6 20. Qf2 Qa7 21. Bb3 Qc5
22. Rfc1 f5 23. Re1 Nb6 24. Be6 fxe4 25. Rxe4 Nd5 26. Bxd5 Qxd5 27. Qxd4 Qxd4+
28. Rxd4 d5 29. Re1 Rae8 30. Rxe8 Rxe8 31. Kf2 Kg8 32. c4 1-0

[Event "European Blitz 2016"]
[Site "Tallinn EST"]
[Date "2016.12.17"]
[Round "16.25"]
[White "Krutti, Valer"]
[Black "Bartel, Mateusz"]
[Result "0-1"]
[WhiteTitle "IM"]
[BlackTitle "GM"]
[WhiteElo "2361"]
[BlackElo "2641"]
[WhiteFideId "706248"]
[BlackFideId "1112635"]
[EventDate "2016.12.17"]

1. d4 e6 2. c4 b6 3. a3 Bb7 4. Nc3 Nf6 5. d5 Bd6 6. Nf3 O-O 7. g3 c6 8. Bg2 cxd5
9. Nd4 Nc6 10. cxd5 Nxd4 11. Qxd4 Qe7 12. Bg5 Bc5 13. Qh4 h6 14. Bxf6 Qxf6 15.
Qxf6 gxf6 16. e3 f5 17. O-O Rab8 18. Rfd1 Rfc8 19. dxe6 dxe6 20. Rd7 Bxg2 21.
Kxg2 b5 22. e4 fxe4 23. Nxe4 Bb6 24. Rad1 Rd8 25. Kf3 Kg7 26. Ke2 Rbc8 27. f4
Rc2+ 28. R7d2 Rdxd2+ 29. Rxd2 Rc7 30. Nd6 Rc5 31. g4 a6 32. Kf3 Kf8 33. Ne4 Rd5
34. Rxd5 exd5 35. Nc3 Bd4 36. h4 Ke8 37. Ke2 Kd7 38. Kd3 Bg7 39. b3 Kd6 40. Ne2
Bb2 41. a4 Kc5 42. axb5 Kxb5 43. g5 hxg5 44. fxg5 Bg7 45. Nf4 Kb4 46. Nxd5+ Kxb3
47. h5 a5 48. h6 Bh8 49. Nb6 Kb4 50. Kc2 Kc5 51. Nd7+ Kd6 52. Nf6 Ke5 53. Ng8 0-1

[Event "European Blitz 2016"]
[Site "Tallinn EST"]
[Date "2016.12.17"]
[Round "16.26"]
[White "Seeman, Tarvo"]
[Black "Huzman, Alexander"]
[Result "1/2-1/2"]
[WhiteTitle "IM"]
[BlackTitle "GM"]
[WhiteElo "2420"]
[BlackElo "2557"]
[WhiteFideId "4500547"]
[BlackFideId "2803828"]
[EventDate "2016.12.17"]

1. Nf3 g6 2. g3 Bg7 3. d4 d5 4. Bg2 Nf6 5. O-O O-O 6. c4 c6 7. cxd5 cxd5 8. Ne5
e6 9. Nc3 Nfd7 10. f4 Nc6 11. Kh1 f6 12. Nf3 f5 13. b3 Nb6 14. Ba3 Re8 15. Ne5
Bd7 16. Rc1 Nc8 17. e3 Bf8 18. Bxf8 Rxf8 19. g4 Nd6 20. g5 Rc8 21. Qd2 Nxe5 22.
dxe5 Ne4 23. Bxe4 dxe4 24. Rfd1 Bc6 25. Kg1 h6 26. h4 Kg7 27. Ne2 hxg5 28. Qxd8
Rfxd8 29. Rxd8 Rxd8 30. hxg5 Rd3 31. Rc3 Kf8 32. Kf2 Rd2 33. a4 Ke7 34. Ke1 Rb2
35. Nd4 Kd7 36. Kd1 a6 37. Rc2 Rb1+ 38. Rc1 Rb2 39. Rc2 Rb1+ 1/2-1/2

[Event "European Blitz 2016"]
[Site "Tallinn EST"]
[Date "2016.12.17"]
[Round "16.27"]
[White "Potkin, Vladimir"]
[Black "Llobel Cortell, Enrique"]
[Result "1-0"]
[WhiteTitle "GM"]
[BlackTitle "IM"]
[WhiteElo "2597"]
[BlackElo "2399"]
[WhiteFideId "4131061"]
[BlackFideId "2216116"]
[EventDate "2016.12.17"]

1. c4 e5 2. Nc3 Bb4 3. Nd5 Na6 4. a3 Bf8 5. Nf3 e4 6. Nd4 c6 7. Nc3 Nf6 8. g3 d5
9. cxd5 cxd5 10. d3 exd3 11. Qxd3 Be7 12. Bg2 O-O 13. b4 Bg4 14. O-O Bh5 15. Bb2
Bg6 16. Qb5 Rb8 17. Nxd5 Nxd5 18. Qxd5 Qxd5 19. Bxd5 Bf6 20. e3 Nc7 21. Bg2 Nb5
22. Rfd1 Rfd8 23. Rac1 Nxd4 24. Bxd4 Bh5 1-0

[Event "European Blitz 2016"]
[Site "Tallinn EST"]
[Date "2016.12.17"]
[Round "16.28"]
[White "Turov, Maxim"]
[Black "Shkapenko, Pavel"]
[Result "1/2-1/2"]
[WhiteTitle "GM"]
[BlackTitle "IM"]
[WhiteElo "2594"]
[BlackElo "2425"]
[WhiteFideId "4120086"]
[BlackFideId "4151933"]
[EventDate "2016.12.17"]

1. d4 Nf6 2. c4 e6 3. Nc3 Bb4 4. Qc2 c5 5. dxc5 Bxc5 6. Nf3 Qb6 7. e3 Qc7 8. g4
Nxg4 9. Rg1 Ne5 10. Nxe5 Qxe5 11. f4 Qf6 12. Ne4 Qh4+ 13. Qf2 Bb4+ 14. Ke2 Qxf2+
15. Kxf2 O-O 16. a3 Be7 17. b4 d5 18. Bb2 g6 19. Nf6+ Bxf6 20. Bxf6 Nd7 21. Bd4
dxc4 22. Bxc4 Nb6 23. Bb3 Bd7 24. a4 Bc6 25. Rgc1 Bd5 26. Bd1 Rfc8 27. Rxc8+
Nxc8 28. Rc1 Nd6 29. Rc7 Rc8 30. Rd7 Ne4+ 31. Ke1 a6 32. h4 Nc3 33. Bc2 Na2 34.
Bb1 Nxb4 35. e4 Bc6 36. Re7 Bxa4 37. Rxb7 Nc2+ 38. Bxc2 Bxc2 39. e5 Rc4 40. Be3
h5 41. Ra7 Bd3 42. Kd2 Bf1 43. Ke1 Re4 44. Kf2 Bb5 45. Kf3 Rc4 46. Bb6 Rc3+ 47.
Kf2 Rc8 48. Bc7 Kg7 49. Bd6 Bd3 50. Be7 Bb5 1/2-1/2

[Event "European Blitz 2016"]
[Site "Tallinn EST"]
[Date "2016.12.17"]
[Round "16.29"]
[White "Kulaots, Kaido"]
[Black "Pohjala, Henri"]
[Result "1-0"]
[WhiteTitle "GM"]
[BlackTitle "FM"]
[WhiteElo "2556"]
[BlackElo "2382"]
[WhiteFideId "4500261"]
[BlackFideId "506478"]
[EventDate "2016.12.17"]

1. e4 d5 2. exd5 Qxd5 3. Nc3 Qd8 4. d4 Nf6 5. Nf3 Bg4 6. h3 Bxf3 7. Qxf3 c6 8.
Qd3 e6 9. g3 Nbd7 10. Bg2 Bd6 11. O-O O-O 12. b3 Re8 13. Bb2 Qc7 14. Rad1 Rad8
15. Rfe1 a6 16. Qf3 Qa5 17. a3 Qc7 18. Nb1 e5 19. dxe5 Bxe5 20. Nc3 Nc5 21. b4
Nce4 22. Rxd8 Qxd8 23. Nxe4 Bxb2 24. Rd1 Qe7 25. Nd6 Rd8 26. Nxb7 Rd5 27. Na5
Qd6 28. Rxd5 cxd5 29. c4 g6 30. cxd5 Qe5 31. Nc4 Qe1+ 32. Bf1 Bd4 33. d6 Ne4 34.
d7 Bxf2+ 35. Kg2 Bb6 36. Nxb6 Qd2+ 37. Qe2 Qd4 38. Qf3 Qd2+ 39. Be2 Nc3 40. Nd5
Nxd5 41. d8=Q+ Kg7 42. Qdxd5 1-0

[Event "European Blitz 2016"]
[Site "Tallinn EST"]
[Date "2016.12.17"]
[Round "16.30"]
[White "Jussupow, Artur"]
[Black "Tregubov, Pavel V."]
[Result "1/2-1/2"]
[WhiteTitle "GM"]
[BlackTitle "GM"]
[WhiteElo "2585"]
[BlackElo "2585"]
[WhiteFideId "4618777"]
[BlackFideId "4115341"]
[EventDate "2016.12.17"]

1. d4 Nf6 2. Nf3 c5 3. d5 b5 4. Bg5 Qb6 5. c3 g6 6. Bxf6 Qxf6 7. e4 Qb6 8. Nbd2
Bg7 9. a4 b4 10. Nc4 Qb7 11. Qc2 O-O 12. Be2 d6 13. O-O bxc3 14. bxc3 Qc7 15. a5
Ba6 16. Rfb1 Nd7 17. Nfd2 Ne5 18. Nxe5 Bxe2 19. Nc6 c4 20. Rb4 Bd3 21. Qb2 e6
22. Nxc4 exd5 23. exd5 Rae8 24. Ne3 Ba6 25. h4 f5 26. Qd2 f4 27. Nc2 Qf7 28. Re1
Rxe1+ 29. Nxe1 Qf6 30. Nd4 Re8 31. Nef3 h6 32. Ne6 Qxc3 33. Qxc3 Bxc3 34. Rxf4
Bd3 35. a6 Rb8 36. Nfd4 Bxd4 37. Rxd4 Bxa6 38. Ra4 Rb1+ 39. Kh2 Bb7 40. Rxa7
Bxd5 41. Nf4 Bf7 42. Ra6 Rd1 43. f3 1/2-1/2

[Event "European Blitz 2016"]
[Site "Tallinn EST"]
[Date "2016.12.17"]
[Round "17.1"]
[White "Movsesian, Sergei"]
[Black "Andreikin, Dmitry"]
[Result "0-1"]
[WhiteTitle "GM"]
[BlackTitle "GM"]
[WhiteElo "2673"]
[BlackElo "2737"]
[WhiteFideId "310204"]
[BlackFideId "4158814"]
[EventDate "2016.12.17"]

1. e4 c5 2. Nf3 e6 3. d4 cxd4 4. Nxd4 a6 5. Nc3 b5 6. Bd3 Qb6 7. Nf3 Qc7 8. O-O
Bb7 9. Re1 Nf6 10. e5 Nd5 11. Ne4 Nc6 12. Ng3 g6 13. c3 Bg7 14. Qe2 O-O 15. a4
b4 16. c4 Nde7 17. Bf4 Na5 18. Rad1 Bxf3 19. Qxf3 Nec6 20. Qe3 Rac8 21. h4 b3
22. Bf1 Nb4 23. Qc3 Nc2 24. Re4 d5 25. exd6 Bxc3 26. dxc7 Bxb2 27. Bd2 Nb7 28.
Rb1 Bg7 29. c5 Rxc7 30. Rxb3 Nxc5 31. Rc4 Nxb3 32. Rxc7 Nxd2 33. Rxc2 Nxf1 34.
Kxf1 Rb8 35. Rc4 Rb1+ 36. Ke2 Rb2+ 37. Ke3 f5 38. Ne2 e5 39. f3 Bf6 40. h5 gxh5
41. Kd3 Ra2 42. Rc6 e4+ 43. fxe4 fxe4+ 44. Ke3 Bg5+ 45. Kf2 Rxa4 46. Rc5 h6 47.
Ng3 Bh4 48. Rxh5 Ra2+ 49. Ke3 Bxg3 50. Rxh6 Kg7 51. Rc6 a5 52. Kxe4 Rxg2 53. Kf3
Rg1 54. Rc5 Be1 55. Rc7+ Kf6 56. Rc6+ Ke5 57. Rc4 Bb4 0-1